|
|
|
|
| LEADER |
01165nam a2200265 a 4500 |
| 001 |
231460 |
| 008 |
090910s1996 gw a b i001 0 eng d |
| 010 |
|
|
|a \\\99200273
|
| 020 |
|
|
|a 9292010686
|
| 040 |
|
|
|a EYW
|c EYW
|d TZT
|d DLC
|
| 082 |
0 |
0 |
|a 374
|2 21
|
| 100 |
1 |
|
|a Easton, Peter A.
|
| 245 |
1 |
0 |
|a Sharpening our tools :
|b improving evaluation in adult and nonformal education /
|c Peter A. Easton.
|
| 260 |
|
|
|a Hamburg, Germany :
|b UNESCO Institute for Education,
|c c1996.
|
| 300 |
|
|
|a xvi, 323 p. :
|b ill. ;
|c 28 cm.
|
| 490 |
1 |
|
|a UIE studies ;
|v 4, 1997
|
| 500 |
|
|
|a "A joint publication of the UNESCO Institute for Education and the German Foundation for International Development."
|
| 504 |
|
|
|a Includes bibliographical references and index.
|
| 541 |
1 |
|
|e 00006399
|
| 650 |
|
0 |
|a Adult education
|x Evaluation.
|
| 650 |
|
0 |
|a Non-formal education
|x Evaluation.
|
| 830 |
|
0 |
|a Etudes de l'IUE ;
|v 4.
|
| 852 |
4 |
|
|a Ayesha Abed Library
|j General shelf
|
| 999 |
|
|
|c 3858
|d 3858
|
| 952 |
|
|
|0 0
|1 0
|2 ddc
|4 0
|6 374_EAS_199600000000000
|7 0
|9 3510
|a BRACUL
|b BRACUL
|c GEN
|d 2009-09-13
|g 0.00
|l 1
|o 374 EAS
|p 3010006399
|r 2025-10-16
|s 2025-10-09
|t 1
|w 2009-09-13
|y BK
|x No price found in the accession register.
|